000 00406nam a2200157Ia 4500
003 OSt
005 20230526142643.0
008 211028s2017 xx 000 0 und d
040 _cAIMIT LIBRARY
041 _aeng
100 _aDsouza, Shawn Merwin; Manimozhi, R.
_98736
_e151934
110 _aManimozhi R
_98737
245 _aExtended warranty job card.
260 _aMangalore
_c2017
942 _2ddc
_cPRO
999 _c220037
_d220037